Który kraj jest największy? - Statystyki

Ogólne statystyki
  • Ten quiz został rozwiązany 51 razy
  • Średni wynik to 4 z 6
Statystyki odpowiedzi
Zagadnienie Odpowiedź % Poprawnych
. Iran
86%
. Algieria
71%
. Kanada
71%
. Polska
57%
. Angola
43%
. Lesotho
43%
Nie znaleziono quizów pasujących do podanych kryteriów
Rozkład punktacji
Procent ludzi z każdym wynikiem
Percentyl według liczby udzielonych odpowiedzi
Twoja historia wyników
Nie rozwiązałeś tego quizu